| 000 | 00399nam a22001337a 4500 | ||
|---|---|---|---|
| 040 | _cNUST | ||
| 082 | _a200 THE | ||
| 100 |
_aHina Inam _9104908 |
||
| 110 |
_aSupervisor DR. Naeem Ul Islam _9100775 |
||
| 245 | _aTH-SOF-2113-Deep Learning Based Framework for Smart Infrastructure Management | ||
| 260 |
_aISLAMABAD: _bNUST COLLEGE OF EME, _c2022. |
||
| 650 |
_aMS-ELECT-20 _995936 |
||
| 942 |
_2ddc _cPR |
||
| 999 |
_c592695 _d592695 |
||